00190nam a22000857a 4500020001800000100002100018245002700039260002600066300001200092 a9780545133821 aBarbara Robinson aThe Best Hallowen Ever aUSAbScholasticc2004 a117 pgs